| 000 | 00864 a2200205 4500 | ||
|---|---|---|---|
| 001 | 63233 | ||
| 005 | 20260407155928.0 | ||
| 008 | 260407a1968 arg spa d | ||
| 003 | AR-UNSa-BCEJYS | ||
| 040 |
_aAR-UNSa-BCEJYS _bspa _cAR-UNSa-BCEJYS |
||
| 080 |
_a510 _xConsideraciones fundamentales y generales de las matemáticas |
||
| 245 | 1 | 0 |
_aMatemática para 4º año _pUn enfoque moderno |
| 264 | 1 |
_aSalta : _bCodex _c1968 |
|
| 300 |
_a391 p. _c24 cm. |
||
| 505 | _a0. Revisión de los conjuntos numéricos - 1. Números reales – 2. Números complejos – 3. Funciones elementales – 4. Función exponencial – 5. Sucesiones – 6. Nociones de geometría analítica – 7. Nociones de estadística – 8. Definición de probabilidad – | ||
| 041 | _aspa | ||
| 942 | _cBK | ||
| 590 | _aniveau_biblio:m niveau_hierar:0 | ||
| 100 | 1 | _aDalmasso, Juan Carlos | |
| 999 |
_c8065 _d8065 |
||